Contribution à l'etude de la distinction des droits de créance et des droits réels
সংরক্ষণ করুন:
| প্রধান লেখক: | |
|---|---|
| বিন্যাস: | গ্রন্থ |
| ভাষা: | ফরাসি |
| প্রকাশিত: |
París
Librairie Générale de Droit et de Jurisprudence
1957
|
| মালা: | Bibliothèque de la Faculté de Droit de l'Université d'Alger, 26
|
| বিষয়গুলি: | |
| ট্যাগগুলো: |
ট্যাগ যুক্ত করুন
কোনো ট্যাগ নেই, প্রথমজন হিসাবে ট্যাগ করুন!
|
MARC
| LEADER | 00000nam a2200000 a 4500 | ||
|---|---|---|---|
| 001 | UCS1093 | ||
| 003 | CL-VaPUC | ||
| 008 | 970509e19570000FR |||||||||||||||||fre|d | ||
| 082 | 0 | 4 | |a 346.02 |b ABE |2 21 |
| 100 | 0 | |a Aberkane, Hassen |e author |9 385165 | |
| 245 | 1 | 0 | |a Contribution à l'etude de la distinction des droits de créance et des droits réels |
| 246 | 1 | 0 | |a Essai d'une théorie générale de l'obligation Propter Rem en droit positif francais |
| 300 | |a 283 p | ||
| 942 | |c BK | ||
| 945 | |d 19970509 00:00:00 |a cmena | ||
| 260 | |a París |b Librairie Générale de Droit et de Jurisprudence |c 1957 | ||
| 650 | 0 | |a Obligaciones |9 255578 | |
| 650 | 0 | |a Derecho positivo |9 255911 | |
| 650 | 0 | |a Derecho francés |9 385145 | |
| 650 | 0 | |a Usufructo |9 256763 | |
| 650 | 0 | |a Contratos |9 255153 | |
| 650 | 7 | |a COPROPIEDAD |2 CL-VaPUC |9 373881 | |
| 650 | 7 | |a PROPIEDAD HORIZONTAL |2 CL-VaPUC |9 373879 | |
| 650 | 0 | |a Jurisprudencia |9 255952 | |
| 650 | 0 | |a Voluntad |9 307812 | |
| 650 | 0 | |a Bienes inmuebles |9 359521 | |
| 651 | 0 | |a Francia |9 255157 | |
| 583 | |a last modification |c 19970509 00:00:00 |k Rodrigo Vera | ||
| 490 | 0 | |a Bibliothèque de la Faculté de Droit de l'Université d'Alger, 26 | |
| 999 | |c 259199 |d 259197 | ||
| 952 | |0 0 |1 0 |4 0 |6 346_020000000000000_ABE_1957 |7 0 |8 P |9 283814 |a BIBDER |b BIBDER |d 2019-11-19 |i 1842846 |o 346.02 ABE 1957 |p 1842846 |r 2023-01-25 |w 2019-11-19 |y BK |k DER | ||
| 952 | |0 0 |1 0 |4 0 |6 346_020000000000000_ABE_1957 |7 0 |8 P |9 283815 |a BIBDER |b BIBDER |d 2019-11-19 |i 1842854 |o 346.02 ABE 1957 |p 1842854 |r 2023-01-25 |w 2019-11-19 |y BK |k DER | ||